| 000 | 01050nam a2200229Ia 4500 | ||
|---|---|---|---|
| 003 | Ost | ||
| 005 | 20260507074914.0 | ||
| 008 | 260507s9999||||xx |||||||||||||| ||und|| | ||
| 020 | _a5464169957 | ||
| 040 | _cfsecg | ||
| 041 | _aara | ||
| 082 | _a658.152 | ||
| 100 |
_aعلوان، قاسم نايف _eمؤلف |
||
| 245 | 0 |
_aإدارة الاستثمار : _bبين النظرية والتطبيق / _c قاسم نايف علوان |
|
| 260 |
_aعمان: _bدار الثقافة للنشر والتوزيع, _c2009 |
||
| 300 |
_a384 صفحة؛ _c24 سم |
||
| 504 | _aببليوغرافيا: ص.377؛ ملاحق ص.367 | ||
| 520 | _aقرارات التخطيط للاستثمار، تقنيات المفاضلة بين الاستثمارات، قرارات الاستثمار، التحليل الأساسي والتحليل الفني للاستثمارات، قرارات تمويل الاستثمار، قرارات الاستثمارات الدولية | ||
| 653 | _aالاستثمار | ||
| 653 | _aالتخطيط | ||
| 942 | _cكتاب | ||
| 999 |
_c41760 _d41760 |
||